| 000 | 00000nam 2200000zi 4500 |
| 001 | 9.931065 |
| 003 | CaOODSP |
| 005 | 20240112093216 |
| 006 | m o d f |
| 007 | cr ||||||||||| |
| 008 | 231201t20232023qucbd ob f000 0 fre d |
| 020 | |a9780660691459 |
| 040 | |aCaOODSP|bfre|erda|cCaOODSP |
| 043 | |an-cn--- |
| 086 | 1 |aCW69-16/58-2023F-PDF |
| 100 | 1 |aCox, Amelia R., |eauteur. |
| 245 | 10|aSituation des populations d'oiseaux migrateurs considérés comme gibier au Canada - 2023 / |cAmelia Cox, Frédérique Tremblay et Kristin Bianchini. |
| 264 | 1|a[Gatineau, Québec] : |bEnvironnement et Changement climatique Canada = Environment and Climate Change Canada, |c[2023] |
| 264 | 4|c©2023 |
| 300 | |a1 ressource en ligne (vi, 61 pages) : |bcartes, graphiques. |
| 336 | |atexte|btxt|2rdacontent/fre |
| 337 | |ainformatique|bc|2rdamedia/fre |
| 338 | |aressource en ligne|bcr|2rdacarrier/fre |
| 490 | 1 |aRapport du SCF sur la réglementation concernant les oiseaux migrateurs ; |vN° 58 |
| 500 | |aTitre de la couverture. |
| 500 | |aPubl. aussi en anglais sous le titre : Population status of migratory game birds in Canada - 2023. |
| 500 | |a« EC23227. » |
| 504 | |aComprend des références bibliographiques (pages 55-57). |
| 650 | 6|aOiseaux migrateurs|zCanada. |
| 710 | 1 |aCanada. |bEnvironnement et changement climatique Canada, |eorganisme de publication. |
| 710 | 2 |aService canadien de la faune, |eorganisme de publication. |
| 775 | 08|tPopulation status of migratory game birds in Canada - 2023 / |w(CaOODSP)9.931064 |
| 795 | |tSituation des populations d'oiseaux migrateurs considérés comme gibier au Canada - 2021.|w(CaOODSP)9.906278 |
| 830 | #0|aRapport du SCF sur la réglementation concernant les oiseaux migrateurs ;|vN° 58.|w(CaOODSP)9.501537 |
| 856 | 40|qPDF|s7.44 Mo|uhttps://publications.gc.ca/collections/collection_2024/eccc/CW69-16-58-2023-fra.pdf |